Score 0/78 Timer 12:00
0 Plays Today
% Correct
Argentina
91.5%
Brazil
90.4%
Bolivia
90.2%
Ecuador
88.7%
Colombia
88.3%
Chile
87.9%
Paraguay
87.8%
Uruguay
87.8%
Venezuela
87.6%
Guyana
86.1%
Peru
85.9%
Earth
81.5%
Mars
81.4%
Mercury
81.3%
Arkansas
80.7%
Mississippi
80.3%
Neptune
80.2%
Minnesota
80.2%
Venus
80.2%
Uranus
80.1%
Jupiter
79.9%
Missouri
79.9%
Saturn
79.8%
Illinois
79.7%
Louisiana
79.7%
Kentucky
78.9%
Iowa
78.3%
Suriname
78.3%
Tennessee
77.1%
Wisconsin
76.4%
Cindy
74.5%
Bobby
73.4%
Greg
73%
Carol
73%
Alice
72.8%
Jan
71.1%
Marcia
69.3%
Mike
68.7%
Jennifer Lopez
68.3%
% Correct
Peter
67.4%
Fat
66.8%
Paula Abdul
65.8%
Ampere
65.8%
Meter
64.9%
Vitamins
64.8%
Protein
64.6%
Nicki Minaj
64.3%
Simon Cowell
64.2%
Randy Jackson
64.1%
Kilogram
64.1%
Carbohydrates
64%
Mariah Carey
63.9%
Kelvin
63.2%
Steven Tyler
62.1%
Keith Urban
61.6%
Minerals
61.3%
Ellen DeGeneres
60.6%
Harry Connick, Jr.
60.1%
Water
57.5%
Mole
56.6%
Second
53.5%
Candela
51.7%
Meriwether Lewis
48.3%
Kara DioGuardi
46.8%
Encoding
46.5%
William Clark
46%
Chris Webber
45%
Retrieval
45%
Storage
44.6%
Juwan Howard
44.3%
Frankie Valli
43.8%
Jalen Rose
41.2%
Jimmy King
37.8%
Bob Gaudio
36.6%
Ray Jackson
36%
Ella Fitzgerald
34.2%
Tommy DeVito
34.1%
Nick Massi
29%
Come Together.
Have Fun.
All Virtual.
We all need to come together. Play Sporcle's virtual live trivia to have fun, connect with people, and get your trivia on. Join a live hosted trivia game for your favorite pub trivia experience done virtually. If a virtual private party is more your thing, go here for details.

You're not logged in!

Compare scores with friends on all Sporcle quizzes.
OR
Log In

Sporcle TV

Today on Sporcle TV


Watch our educational content, quiz creation guides, and fun videos on Sporcle TV.

Show Comments

Extras

Top Quizzes Today


Score Distribution

Paid Content

Your Account Isn't Verified!

In order to create a playlist on Sporcle, you need to verify the email address you used during registration. Go to your Sporcle Settings to finish the process.

Report this User

Report this user for behavior that violates our Community Guidelines.

Details: